Štúdium interakcií plazmy s biologickými objektmi

Guardado en:
Detalles Bibliográficos
Autor principal: Dylíková, Juliana (Autor)
Otros Autores: Kaliňáková, Barbora (Orientador)
Formato: Manuscrito Libro
Lenguaje:eslovaco
Publicado: 2019
Materias:
Acceso en línea:http://is.stuba.sk/zp/portal_zp.pl?podrobnosti=127869
Etiquetas: Agregar Etiqueta
Sin Etiquetas, Sea el primero en etiquetar este registro!

MARC

LEADER 00000ntm a22000003a 4500
001 stuzp54616
003 SK-STU
005 20190824210727.9
007 ta
008 150427s2015----xo-----f-mn---000-0-slo-d
040 |a STU  |b slo 
041 0 |a slo 
100 1 |a Dylíková, Juliana  |u 043000  |k Z3  |4 aut  |U FCHPT Fakulta chemickej a potravinárskej technológie  |T FCHPT Ústav biochémie a mikrobiológie  |X 44021  |U C3000  |Y 101  |7 44021 
242 0 1 |a Study of Plasma Interactions with Biological Objects  |y eng 
245 1 0 |a Štúdium interakcií plazmy s biologickými objektmi 
260 |c 2019 
650 4 |a Aspergillus  |2 slo 
650 4 |a mykotoxíny  |2 slo 
650 4 |a nízkoteplotná plazma  |2 slo 
650 4 |a oxidačný stres  |2 slo 
650 4 |a Aspergillus  |2 eng 
650 4 |a mycotoxins  |2 eng 
650 4 |a low-temperature plasma  |2 eng 
650 4 |a oxidative stress  |2 eng 
700 1 |a Kaliňáková, Barbora  |u 043000  |k Z2  |4 ths  |U FCHPT Fakulta chemickej a potravinárskej technológie  |T FCHPT Ústav biochémie a mikrobiológie  |X 38072  |U C3000  |Y 101  |7 A000038072 
856 4 |u http://is.stuba.sk/zp/portal_zp.pl?podrobnosti=127869